Online
Catalog

A la sombra de mi abuelo / (Record no. 10589)

MARC details
000 -CABECERA
campo de control de longitud fija 00967nam a2200265 a 4500
001 - NÚMERO DE CONTROL
campo de control 000010840
005 - FECHA Y HORA DE LA ÚLTIMA TRANSACCIÓN
campo de control 20250630100924.0
008 - DATOS DE LONGITUD FIJA--INFORMACIÓN GENERAL
campo de control de longitud fija 091012s2009 dr a 000 f spa d
020 ## - NÚMERO INTERNACIONAL ESTÁNDAR DEL LIBRO
Número Internacional Estándar del Libro 9789993456469
040 ## - FUENTE DE LA CATALOGACIÓN
Centro catalogador/agencia de origen DO-SdBNP
Lengua de catalogación spa
Centro/agencia transcriptor BNPHU
082 ## - NÚMERO DE LA CLASIFICACIÓN DECIMAL DEWEY
Número de clasificación RD863.44
Número de documento/Ítem T866s, 2009
100 1# - ENTRADA PRINCIPAL--NOMBRE DE PERSONA
Nombre de persona Trujillo Ricart , Aída,
Fechas asociadas al nombre 1952-
9 (RLIN) 12112
245 10 - MENCIÓN DE TÍTULO
Título A la sombra de mi abuelo /
Mención de responsabilidad, etc. Aída Trujillo.
250 ## - MENCIÓN DE EDICIÓN
Mención de edición 2a. ed.
260 ## - PUBLICACIÓN, DISTRIBUCIÓN, ETC.
Lugar de publicación, distribución, etc. Santo Domingo :
Nombre del editor, distribuidor, etc. Norma,
Fecha de publicación, distribución, etc. 2009.
300 ## - DESCRIPCIÓN FÍSICA
Extensión 339 p. :
Otras características físicas il., retrs. ;
Dimensiones 23 p.
500 ## - NOTA GENERAL
Nota general Incluye datos biográficos de la autora en las solapas
590 ## - NOTA LOCAL (RLIN)
Nota local Inventariado, 2020/VM
586 ## - NOTA DE PREMIOS
Nota de premios Premio nacional de novela 2008
600 10 - PUNTO DE ACCESO ADICIONAL DE MATERIA--NOMBRE DE PERSONA
Nombre de persona Trujillo Molina, Rafael Leónidas,
Fechas asociadas al nombre 1891-1961
9 (RLIN) 76764
650 #0 - PUNTO DE ACCESO ADICIONAL DE MATERIA--TÉRMINO DE MATERIA
Término de materia o nombre geográfico como elemento de entrada Novela histórica dominicana.
9 (RLIN) 860
650 #0 - PUNTO DE ACCESO ADICIONAL DE MATERIA--TÉRMINO DE MATERIA
Término de materia o nombre geográfico como elemento de entrada Literatura histórica dominicana
9 (RLIN) 24340
651 #0 - PUNTO DE ACCESO ADICIONAL DE MATERIA--NOMBRE GEOGRÁFICO
Nombre geográfico República Dominicana
Subdivisión general Historia
Subdivisión cronológica Era de Trujillo, 1930-1961
9 (RLIN) 78796
910 ## - DATOS DE OPCIÓN DEL USUARIO (OCLC)
Datos de opción del usuario Validado. Control de calidad MMOLINA
Holdings
Estado de retiro Estado de pérdida No para préstamo Código de colección Localización permanente Ubicación/localización actual Ubicación en estantería Fecha de adquisición Número de inventario Total de préstamos Signatura topográfica completa Código de barras Fecha visto por última vez Número de copia Precio válido a partir de Tipo de ítem Koha Restricciones de uso
    Excluido de préstamo Dominicana de Servicio General General En catalogación 11.04.2011 LF1   RD863.44 T866s, 2009 10840-50 25.06.2020 e. 5 25.06.2020 Libro y Folleto Colección Dominicana de Servicio  
      Dominicana de Servicio General General En catalogación 12.10.2009 LF1   RD863.44 T866s, 2009 10840-30 25.06.2020 e. 3 25.06.2020 Libro y Folleto Colección Dominicana de Servicio Préstamo interno
      Dominicana de Servicio General General En catalogación 07.12.2009 LF1   RD863.44 T866s, 2009 10840-40 25.06.2020 e. 4 25.06.2020 Libro y Folleto Colección Dominicana de Servicio Préstamo interno
    Excluido de préstamo Patrimonio Dominicano Patrimonio Dominicano Patrimonio Dominicano En catalogación 12.10.2009 LF1   RD863.44 T866s, 2009 10840-10 25.06.2020   25.06.2020 Libro y Folleto Colección Patrimonio Dominicano  
    Excluido de préstamo Patrimonio Dominicano Patrimonio Dominicano Patrimonio Dominicano En catalogación 12.10.2009 LF1   RD863.44 T866s, 2009 10840-20 25.06.2020 e. 2 25.06.2020 Libro y Folleto Colección Patrimonio Dominicano  

Powered by Koha